• 首页
  • 本馆介绍
  • 公告通知
  • 最新文献
  • 馆藏检索
  • 电子资源
  • 读者导购
  • 参考咨询
  • 我的图书馆
  • 登录
  • 详细信息显示
  • 放入我的书架
  • 预约/预借图书
  • 作者相关作品
  • 分类相关作品
  • 丛书相关作品
  • 出版社相关作品

书目信息

  • 表格格式
  • 工作单格式
  • 卡片格式
题名:
贝利尼艺术歌曲选
    
 
作者: 贝利尼 , Bellini 作曲 ;贾涛 译配
分册:  
出版信息: 北京   中央音乐学院出版社  2008.04
页数: 137页
开本: 30cm
丛书名: 意大利歌剧大师艺术歌曲系列
单 册:
中图分类: J652.4(546)
科图分类:
主题词: 歌剧--歌曲--意大利--选集
电子资源:
ISBN: 978-7-81096-212-4
000 00925oam2 2200277 450
001 012004253783
005 20091230085245.92
010    @a978-7-81096-212-4@dCNY25.00
100    @a20080626d2008 em y0chiy0110 ea
101 1  @achi@cita
102    @aCN@b110000
105    @ag z 000yy
106    @ar
200 1  @a贝利尼艺术歌曲选@9bei li ni yi shu ge qu xuan@f贾涛译配
210    @a北京@c中央音乐学院出版社@d2008.04
215    @a137页@d30cm
225 2  @a意大利歌剧大师艺术歌曲系列
330    @a本书内容包括:背弃、窗户如今无灯光、假如你想知道我的名字、快乐水手、童年的梦、我满怀忧伤、小蝴蝶等。
461  0 @12001 @a意大利歌剧大师艺术歌曲系列
606 0  @a歌剧@x歌曲@y意大利@j选集
690    @aJ652.4(546)@v4
701  1 @c(意)@a贝利尼@9bei li ni@bV.@4作曲
701  1 @c(意)@aBellini@bVincenzo@4作曲
702  0 @a贾涛@9jia tao@4译配
801  0 @aCN@bNLC@c20091230
905    @b20798834-38@dJ652.4(546)@e516@f5
    
    贝利尼艺术歌曲选/贾涛译配.-北京:中央音乐学院出版社,2008.04
    137页;30cm.-(意大利歌剧大师艺术歌曲系列)
    
    
    ISBN 978-7-81096-212-4:CNY25.00
    本书内容包括:背弃、窗户如今无灯光、假如你想知道我的名字、快乐水手、童年的梦、我满怀忧伤、小蝴蝶等。
●
相关链接 在E读中查询图书 在五车中查询图书 在当当中查询图书 在豆瓣中查询图书


正题名:贝利尼艺术歌曲选     索取号:J652.4(546)/516         预约/预借

序号 登录号 条形码 馆藏地/架位号 状态 备注
1 798834   207988347   第一样本阅览室/ [索取号:J652.4(546)/516] 在馆    
2 798835   207988356   第一借阅区/ [索取号:J652.4(546)/516] 在馆    
3 798836   207988365   第一借阅区/ [索取号:J652.4(546)/516] 在馆    
4 798837   207988374   第一借阅区/ [索取号:J652.4(546)/516] 在馆    
5 798838   207988383   第一借阅区/ [索取号:J652.4(546)/516] 在馆    
唐山师范学院图书馆 欢迎您!
大连网信软件有限公司© 版权所有